000 00832cam a2200253 4500
008 090401t1994 xxu||||| |||| 00| 0 eng d
020 _a0632038314
035 _a(Sirsi) u43556
041 _aeng
050 _a692.5
100 _aWillis, Christopher J
245 _aPractice and procedure for the quantity surveyor.
250 _a10th ed.
260 _aOxford
_bBlackwell Scientific Publications
_c1994
300 _axv,235p. ; 24cm.
350 _a16.99
520 _aLatest edition of a standard text which looks at the work of the QS in all its forms, including specializations such as project management and litigation.
650 _aBUILT ENVIRONMENT-QUANTITY SURVEYING
690 _aQuantity surveying
_96263
700 _aAshworth, Allan
700 _aWillis, J. Andrew
942 _n0
948 _c04/03/1997
999 _c91355
_d91355